[Event "AUTO-MASTER-2897"]
[Site "http://www.queenalice.com/game.php?id=1591847"]
[Date "2019.12.2"]
[Round "1"]
[White "CCapivara"]
[Black "AyltonChessGM"]
[Result "1-0"]
[WhiteElo "2137"]
[BlackElo "2102"]

1. e4 e6 2. d4 d5 3. exd5 exd5 4. Nf3 Nf6 5. Bd3 Bb4+ 6. c3 Be7 7. O-O O-O 8.
Bg5 h6 9. Bh4 c6 10. Nbd2 Nbd7 11. Re1 b6 12. Ne5 Nxe5 13. Rxe5 1-0

[Event "AUTO-MASTER-2897"]
[Site "http://www.queenalice.com/game.php?id=1591848"]
[Date "2019.12.2"]
[Round "1"]
[White "AyltonChessGM"]
[Black "twomail"]
[Result "1-0"]
[WhiteElo "2261"]
[BlackElo "2198"]

1. d4 Nf6 2. c4 e6 3. Nc3 d5 4. e3 Be7 5. Nf3 O-O 6. Be2 c5 7. O-O Nc6 8. dxc5
Bxc5 9. cxd5 exd5 10. a3 Bb6 11. b4 d4 12. exd4 Nxd4 13. Bb2 Be6 14. Nxd4 1-0

[Event "AUTO-MASTER-2897"]
[Site "http://www.queenalice.com/game.php?id=1591849"]
[Date "2019.12.2"]
[Round "1"]
[White "twomail"]
[Black "AyltonChessGM"]
[Result "0-1"]
[WhiteElo "2035"]
[BlackElo "2256"]

1. d4 Nf6 2. c4 e6 3. Nf3 d5 4. Nc3 a6 5. Bg5 Be7 6. cxd5 exd5 7. Bxf6 Bxf6 8.
Qb3 c6 9. e4 dxe4 10. Nxe4 O-O 11. Bd3 h6 0-1

[Event "AUTO-MASTER-2897"]
[Site "http://www.queenalice.com/game.php?id=1591850"]
[Date "2019.12.2"]
[Round "1"]
[White "AyltonChessGM"]
[Black "proficio"]
[Result "0-1"]
[WhiteElo "2261"]
[BlackElo "2112"]

1. d4 Nf6 2. c4 e6 3. Nf3 d5 4. e3 Be7 5. Nc3 O-O 6. Be2 dxc4 7. Bxc4 a6 8. a3
c5 9. O-O b5 10. Be2 cxd4 11. Qxd4 Bb7 12. Rd1 Nbd7 13. h3 Rc8 14. b4 Nb6 15.
Bb2 Qxd4 16. Nxd4 Nfd7 17. Rac1 Ne5 0-1

[Event "AUTO-MASTER-2897"]
[Site "http://www.queenalice.com/game.php?id=1591851"]
[Date "2019.12.2"]
[Round "1"]
[White "proficio"]
[Black "AyltonChessGM"]
[Result "1-0"]
[WhiteElo "2128"]
[BlackElo "1968"]

1. d4 Nf6 2. c4 e6 3. g3 d5 4. Bg2 a6 5. Nf3 dxc4 6. O-O Be7 7. Ne5 O-O 8. Nc3
c6 9. a4 Nbd7 10. Nxc4 Nb6 11. Nxb6 Qxb6 12. a5 Qc7 13. Bf4 Bd6 14. Bg5 Be7 15.
Qb3 h6 16. Bf4 Bd6 17. Bxd6 Qxd6 18. Rad1 Qd8 19. Qb4 1-0

[Event "AUTO-OPEN-4117"]
[Site "http://www.queenalice.com/game.php?id=1592063"]
[Date "2019.12.5"]
[Round "1"]
[White "AyltonChessGM"]
[Black "SubRoger"]
[Result "0-1"]
[WhiteElo "2233"]
[BlackElo "2014"]

1. d4 d5 2. Nf3 g6 3. e3 Bg7 4. c4 Nf6 5. Nc3 c6 6. a3 O-O 7. h3 Re8 8. Be2 Nbd7
9. O-O Nf8 10. cxd5 cxd5 11. b4 a6 12. Bb2 b5 13. Rc1 Bb7 0-1

[Event "AUTO-OPEN-4117"]
[Site "http://www.queenalice.com/game.php?id=1592064"]
[Date "2019.12.5"]
[Round "1"]
[White "SubRoger"]
[Black "AyltonChessGM"]
[Result "1-0"]
[WhiteElo "2039"]
[BlackElo "2214"]

1. d4 d5 2. c4 e6 3. Nc3 Nf6 4. Nf3 a6 5. Bg5 Be7 6. e3 O-O 7. Be2 dxc4 8. Bxc4
b5 9. Bb3 Bb7 10. O-O h6 11. Bf4 c5 12. Rc1 cxd4 13. Qxd4 Nc6 14. Qxd8 Rfxd8 15.
Rfd1 Rac8 16. h3 1-0

[Event "AUTO-OPEN-4117"]
[Site "http://www.queenalice.com/game.php?id=1592065"]
[Date "2019.12.5"]
[Round "1"]
[White "AyltonChessGM"]
[Black "JailtonMaster"]
[Result "0-1"]
[WhiteElo "2153"]
[BlackElo "2076"]

1. d4 d5 2. Nf3 Nf6 3. e3 Bg4 4. h3 Bh5 5. c4 c6 6. a3 e6 7. Nc3 Bd6 8. c5 Be7
9. b4 Ne4 10. Bb2 Nxc3 11. Bxc3 O-O 12. Be2 Nd7 13. O-O f5 14. Ne5 Bxe2 15. Qxe2
Nxe5 16. dxe5 b6 17. cxb6 axb6 18. Rfc1 c5 19. bxc5 Bxc5 0-1

[Event "AUTO-OPEN-4117"]
[Site "http://www.queenalice.com/game.php?id=1592066"]
[Date "2019.12.5"]
[Round "1"]
[White "JailtonMaster"]
[Black "AyltonChessGM"]
[Result "1-0"]
[WhiteElo "2095"]
[BlackElo "2139"]

1. d4 d5 2. c4 e6 3. Nf3 Nf6 4. Bf4 a6 5. e3 Be7 6. Nc3 O-O 7. Be2 dxc4 8. Bxc4
b5 9. Bb3 Bb7 10. a3 c5 11. dxc5 Qxd1+ 12. Rxd1 Bxc5 13. Bxb8 Raxb8 14. Nh4 g5
15. Nf3 Bxf3 16. gxf3 Rfd8 17. Ke2 Kf8 18. Ne4 Nxe4 19. fxe4 Ke7 20. f4 h6 21.
h4 1-0

[Event "AUTO-OPEN-4117"]
[Site "http://www.queenalice.com/game.php?id=1592067"]
[Date "2019.12.5"]
[Round "1"]
[White "AyltonChessGM"]
[Black "juim"]
[Result "0-1"]
[WhiteElo "2005"]
[BlackElo "1734"]

1. d4 d5 2. Nf3 e6 3. e3 Bd6 4. c4 dxc4 5. Bxc4 Nf6 6. Nc3 Bb4 7. Bd2 O-O 8. O-O
Nc6 9. a3 Bxc3 10. Bxc3 Ne4 11. Qc2 Nxc3 12. Qxc3 Bd7 13. h3 Ne7 14. b4 Bc6 15.
Be2 Nf5 16. Rfc1 Nh4 17. Nxh4 Qxh4 18. b5 Bd5 19. Qxc7 Qg5 20. Qg3 Qxg3 21. fxg3
a6 22. bxa6 bxa6 0-1

[Event "AUTO-OPEN-4117"]
[Site "http://www.queenalice.com/game.php?id=1592068"]
[Date "2019.12.5"]
[Round "1"]
[White "juim"]
[Black "AyltonChessGM"]
[Result "0-1"]
[WhiteElo "1711"]
[BlackElo "2260"]

1. d4 d5 2. e3 Nf6 3. Bd3 e6 4. Nf3 c5 5. dxc5 Bxc5 6. O-O O-O 7. Ne5 Nbd7 8.
Nxd7 Qxd7 9. Nc3 a6 10. Bd2 b5 11. Qf3 Bb7 12. e4 dxe4 13. Nxe4 Nxe4 14. Bxe4
Bxe4 15. Qd1 Qc6 16. Qg4 f5 17. Qe2 Bxg2 18. Rfe1 Rae8 19. Be3 Bd6 20. Qh5 Bf3
21. Qh4 Rf6 22. Bd4 Rg6+ 23. Kf1 Qc4+ 0-1

[Event "AUTO-ELITE-2080"]
[Site "http://www.queenalice.com/game.php?id=1595101"]
[Date "2020.1.3"]
[Round "3"]
[White "Sacapiece"]
[Black "AyltonChessGM"]
[Result "1-0"]
[WhiteElo "2303"]
[BlackElo "1859"]

1. e4 c5 2. Nf3 Nc6 3. d4 cxd4 4. Nxd4 e5 5. Nb5 a6 6. Nd6+ Bxd6 7. Qxd6 Qe7 8.
Qd1 Nf6 9. Nc3 h6 10. Bc4 O-O 11. O-O b5 12. Nd5 Nxd5 13. Bxd5 1-0

[Event "AUTO-ELITE-2080"]
[Site "http://www.queenalice.com/game.php?id=1595102"]
[Date "2020.1.3"]
[Round "3"]
[White "AyltonChessGM"]
[Black "Sacapiece"]
[Result "0-1"]
[WhiteElo "1857"]
[BlackElo "2304"]

1. d4 Nf6 2. c4 e5 3. e3 exd4 4. exd4 Bb4+ 5. Bd2 Qe7+ 6. Qe2 O-O 7. Qxe7 Bxe7
8. Nc3 b6 9. Nf3 Bb7 10. Be2 d5 11. cxd5 Nxd5 12. O-O Nd7 13. Nxd5 Bxd5 0-1